00711nam a2200241Ia 4500003000900000008004100009040001300050040001300063041000800076100002200084100000900106245004900115250000900164260002100173260000900194300001100203300001000214490001600224490000800240942000700248999001700255952019700272IT-RoPAU120407s9999 xx 000 0 und d aIT-RoPAU cIT-RoPAU aita aEmilio Da Matrice csac. aLa studentessa santa. (Rachelina Ambrosini). aBari aEdizioni Paoline c1966 a140 p. c17 cm aGens sancta v110 cBK c25580d25580 00102ddc406922_13100000000000071aPAULUSbPAULUSd2012-04-11l0o922.1310r2012-04-11 00:00:00w2012-04-11yBKzInserito da: Jole In data: 22 luglio 2011 fondo: Via A.Severo 56 Progr:22026